[Event "Winter Malopolska Cup Master 2022"]
[Site "Krakow"]
[Date "2022.01.17"]
[Round "5.3"]
[White "Pniaczek, Marek"]
[Black "Nowak, Maciej"]
[Result "1/2-1/2"]
[WhiteElo "2329"]
[BlackElo "2005"]
[Annotator "TA"]
[PlyCount "57"]
[EventDate "2022.01.15"]
[EventType "swiss"]
[EventCountry "POL"]

{[%evp 18,57,20,12,28,9,11,11,9,6,10,8,10,-14,56,68,72,8,29,20,68,67,91,89,102,79,97,81,90,82,79,83,68,68,127,-24,-41,-45,-34,-37,-28,-100]} 1. Nf3 e6 2. b3 Nf6 3. Bb2 b6 4. g3 Bb7 5. Bg2 Be7 6. O-O O-O 7. c4 d5 8. d4 Nbd7 9. Nbd2 c6 10. Rc1 a5 {[%cal Oa5a4] E07: Closed Catalan: Main Line (5 Nf3 0-0 6 0-0 Nbd7).} 11. Ne5 Nxe5 12. dxe5 Nd7 {[%cal Oa5a4] The position is equal.} 13. e4 {[#]} Nc5 $146 ({Predecessor:} 13... a4 14. cxd5 cxd5 15. exd5 Bxd5 16. Bxd5 exd5 17. Nf3 axb3 18. axb3 Nc5 19. Nd4 Qd7 {½-½ (42) Brzoza,M (2271)-Sawiniec,J (2448) ICCF email 2015}) 14. exd5 cxd5 15. Qe2 {To avoid Nd3} Qd7 ({Black should play} 15... a4 $11) 16. Rfd1 $14 Rfd8 {[#]} 17. cxd5 (17. Nf1 $1 $16) 17... exd5 18. Nf3 {[%cal Bd2f3,Bf3d4,Bd4e6][%mdl 32]} Ba6 (18... Ne6 $11) 19. Qe3 Rac8 20. Nd4 Ne6 21. Rxc8 Bxc8 {[#]} 22. Nxe6 $1 {White is more active.} Qxe6 23. Bd4 b5 24. Bb6 d4 25. Bxd4 Bc5 26. Qc3 $2 {[#]} (26. Bf3 $16 Rxd4 27. Rxd4) 26... Qb6 $11 27. Rc1 $1 Bxd4 28. Qxc8 Bxf2+ 29. Kf1 {Weighted Error Value: White=0.21 (precise) /Black=0.21 (precise)} (29. Kh1 $11) 1/2-1/2

[Event "Winter Malopolska Cup Master 2022"]
[Site "Krakow"]
[Date "2022.01.17"]
[Round "5.4"]
[White "Szopa, Emilia"]
[Black "Saraev, Yaroslav"]
[Result "1/2-1/2"]
[WhiteElo "1588"]
[BlackElo "1922"]
[Annotator "ChessBase"]
[PlyCount "117"]
[EventDate "2022.01.15"]
[EventType "swiss"]
[EventCountry "POL"]
[TimeControl "5400+30"]

1. e4 {[%emt 0:00:10]} c5 {[%emt 0:01:55]} 2. Nf3 {[%emt 0:00:23]} d6 {[%emt 0:00:05]} 3. d4 {[%emt 0:00:20]} cxd4 {[%emt 0:00:04]} 4. Nxd4 {[%emt 0:00:10]} Nf6 {[%emt 0:00:04]} 5. Nc3 {[%emt 0:00:12]} a6 {[%emt 0:00:04]} 6. f4 {[%emt 0:01:07]} Qc7 {[%emt 0:01:26]} 7. Be2 {[%emt 0:06:54]} e6 {[%emt 0:01:16]} 8. O-O {[%emt 0:00:53]} Be7 {[%emt 0:04:37]} 9. Kh1 {[%emt 0:02:00]} O-O {[%emt 0:00:42]} 10. Qe1 {[%emt 0:04:59]} Nc6 {[%emt 0:03:49]} 11. Nxc6 {[%emt 0:03:31]} bxc6 {[%emt 0:04:36]} 12. Qg3 {[%emt 0:07:37]} d5 {[%emt 0:20:17]} 13. e5 {[%emt 0:09:13]} Nd7 {[%emt 0:00:07]} 14. Bd3 {[%emt 0:03:43]} Nc5 {[%emt 0:10:50]} 15. f5 {[%emt 0:23:51]} Nxd3 {[%emt 0:00:57]} 16. cxd3 {[%emt 0:00:11]} exf5 {[%emt 0:05:06]} 17. Bh6 {[%emt 0:04:11]} Bf6 {[%emt 0:19:56]} 18. exf6 {[%emt 0:16:46]} Qxg3 {[%emt 0:00:07]} 19. hxg3 {[%emt 0:01:41]} gxh6 {[%emt 0:00:06]} 20. Rae1 {[%emt 0:00:08]} Rb8 {[%emt 0:05:50]} 21. b3 {[%emt 0:01:30]} d4 {[%emt 0:08:22]} 22. Na4 {[%emt 0:02:13]} Be6 {[%emt 0:07:16]} 23. Rf4 {[%emt 0:01:10]} Rfd8 {[%emt 0:00:54]} 24. Rh4 {[%emt 0:02:26]} Bd5 {[%emt 0:02:37]} 25. Re5 {[%emt 0:02:12]} Rb5 {[%emt 0:01:14]} 26. Kh2 {[%emt 0:01:54]} Be4 {[%emt 0:00:30]} 27. Re7 {[%emt 0:02:41]} Bxd3 {[%emt 0:00:16]} 28. Rxd4 {[%emt 0:00:14]} Rbd5 {[%emt 0:00:05]} 29. Rb4 {[%emt 0:00:57]} Bb5 {[%emt 0:00:19]} 30. Nc3 {[%emt 0:00:15]} R5d6 {[%emt 0:00:13]} 31. Nxb5 {[%emt 0:00:56]} cxb5 {[%emt 0:00:17]} 32. Rf4 {[%emt 0:00:13]} Rxf6 {[%emt 0:00:08]} 33. Re5 {[%emt 0:00:10]} Rd2 {[%emt 0:01:16]} 34. a4 {[%emt 0:00:23]} bxa4 {[%emt 0:00:26]} 35. bxa4 {[%emt 0:00:07]} Rdd6 {[%emt 0:01:20]} 36. Rexf5 {[%emt 0:00:55]} Rxf5 {[%emt 0:00:46]} 37. Rxf5 {[%emt 0:00:06]} Kg7 38. Kh3 Kg6 {[%emt 0:00:45]} 39. Re5 {[%emt 0:01:50]} Kf6 {[%emt 0:00:31]} 40. Rh5 {[%emt 0:00:17]} Ke7 {[%emt 0:00:30]} 41. Re5+ {[%emt 0:00:51]} Re6 {[%emt 0:00:09]} 42. Rf5 {[%emt 0:00:47]} Rf6 {[%emt 0:00:13]} 43. Rd5 {[%emt 0:00:48]} Ke6 {[%emt 0:00:16]} 44. Ra5 {[%emt 0:00:17]} Kd7 {[%emt 0:00:12]} 45. Re5 {[%emt 0:00:15]} Kd6 {[%emt 0:00:16]} 46. Ra5 {[%emt 0:00:21]} Kc7 {[%emt 0:00:11]} 47. Re5 {[%emt 0:00:29]} Kb6 {[%emt 0:01:48]} 48. Rd5 {[%emt 0:00:57]} Rc6 {[%emt 0:00:58]} 49. Rf5 {[%emt 0:00:55]} a5 {[%emt 0:00:45]} 50. Rb5+ {[%emt 0:00:35]} Ka6 {[%emt 0:00:04]} 51. Rf5 {[%emt 0:00:06]} f6 {[%emt 0:00:52]} 52. Rf4 {[%emt 0:00:38]} Kb6 {[%emt 0:00:20]} 53. Rf5 {[%emt 0:00:09]} Rd6 {[%emt 0:00:43]} 54. Rb5+ {[%emt 0:00:10]} Ka6 {[%emt 0:00:05]} 55. Rf5 {[%emt 0:00:09]} Rb6 {[%emt 0:00:18]} 56. Rf4 {[%emt 0:00:21]} Kb7 {[%emt 0:00:37]} 57. Rf5 {[%emt 0:00:08]} Ka6 {[%emt 0:00:37]} 58. Rf4 {[%emt 0:00:10]} Kb7 {[%emt 0:00:41]} 59. Rf5 {[%emt 0:00:04]} 1/2-1/2

[Event "Winter Malopolska Cup Master 2022"]
[Site "Krakow"]
[Date "2022.01.17"]
[Round "5.5"]
[White "Tokarz, Izabela"]
[Black "Czaplak, Lukasz"]
[Result "0-1"]
[WhiteElo "1728"]
[BlackElo "1877"]
[Annotator "NA"]
[PlyCount "114"]
[EventDate "2022.01.15"]
[EventType "swiss"]
[EventCountry "POL"]
[TimeControl "5400+30"]

1. d4 {[%emt 0:03:48]} d5 {[%emt 0:00:04]} 2. c4 {[%emt 0:00:13]} e6 {[%emt 0:00:03]} 3. Nc3 {[%emt 0:00:04]} Nf6 {[%emt 0:00:03]} 4. cxd5 {[%emt 0:00:07]} exd5 {[%emt 0:00:02]} 5. Bg5 {[%emt 0:00:06]} Nbd7 {[%emt 0:00:14]} 6. Qc2 {[%emt 0:00:09]} c6 {[%emt 0:00:52]} 7. e3 {[%emt 0:00:04]} Be7 {[%emt 0:00:04]} 8. Bd3 {[%emt 0:00:05]} O-O {[%emt 0:00:36]} 9. Nge2 {[%emt 0:03:13]} Re8 {[%emt 0:00:21]} 10. O-O {[%emt 0:00:07]} Nf8 {[%emt 0:00:33]} 11. Rae1 {[%emt 0:10:54]} Nh5 {[%emt 0:14:32]} 12. Bxe7 {[%emt 0:03:38]} Qxe7 {[%emt 0:00:10]} 13. e4 {[%emt 0:30:42]} dxe4 {[%emt 0:00:11]} 14. Bxe4 {[%emt 0:01:55]} Nf6 {[%emt 0:14:32]} 15. Bd3 {[%emt 0:05:44]} Be6 {[%emt 0:10:48]} 16. Na4 {[%emt 0:18:31]} Bd5 {[%emt 0:12:55]} 17. Rd1 {[%emt 0:03:53]} Ne6 {[%emt 0:09:16]} 18. Nc5 {[%emt 0:01:44]} Nxc5 {[%emt 0:06:52]} 19. dxc5 {[%emt 0:01:19]} Qe5 {[%emt 0:01:45]} 20. Ng3 {[%emt 0:01:42]} h5 {[%emt 0:02:10]} 21. f4 {[%emt 0:01:31]} Qc7 {[%emt 0:06:35]} 22. h3 {[%emt 0:03:35]} Qa5 {[%emt 0:04:36]} 23. a3 {[%emt 0:02:44]} b6 {[%emt 0:04:31]} 24. cxb6 {[%emt 0:01:30]} Qxb6+ {[%emt 0:01:00]} 25. Qf2 {[%emt 0:00:22]} Qb3 {[%emt 0:05:10]} 26. Bc2 {[%emt 0:01:53]} Qb7 {[%emt 0:00:49]} 27. b4 {[%emt 0:00:35]} Qb6 {[%emt 0:01:29]} 28. Kh2 {[%emt 0:02:32]} Re3 {[%emt 0:01:00]} 29. Rd3 {[%emt 0:01:07]} Rae8 {[%emt 0:00:38]} 30. Rxe3 {[%emt 0:00:53]} Qxe3 {[%emt 0:00:39]} 31. a4 {[%emt 0:00:30]} Qxf2 {[%emt 0:01:17]} 32. Rxf2 {[%emt 0:00:01]} Rb8 {[%emt 0:00:40]} 33. Re2 {[%emt 0:01:01]} Kf8 {[%emt 0:00:45]} 34. b5 {[%emt 0:00:32]} cxb5 {[%emt 0:00:15]} 35. axb5 {[%emt 0:00:25]} Rxb5 {[%emt 0:00:12]} 36. Re5 {[%emt 0:00:39]} Rb2 {[%emt 0:01:07]} 37. Be4 {[%emt 0:00:40]} Bxe4 {[%emt 0:01:04]} 38. Nxe4 {[%emt 0:00:14]} Nxe4 {[%emt 0:00:14]} 39. Rxe4 {[%emt 0:00:02]} Ra2 {[%emt 0:00:28]} 40. Re5 {[%emt 0:00:20]} g6 {[%emt 0:00:22]} 41. f5 {[%emt 0:00:03]} Kg7 {[%emt 0:00:24]} 42. fxg6 {[%emt 0:00:22]} fxg6 {[%emt 0:00:06]} 43. Kg3 {[%emt 0:00:25]} a5 {[%emt 0:00:24]} 44. Kf3 {[%emt 0:00:23]} a4 {[%emt 0:00:15]} 45. g4 {[%emt 0:02:00]} Kf6 {[%emt 0:01:06]} 46. Ra5 {[%emt 0:00:32]} hxg4+ {[%emt 0:00:41]} 47. Kxg4 {[%emt 0:00:38]} a3 {[%emt 0:00:13]} 48. Ra6+ {[%emt 0:00:28]} Kg7 {[%emt 0:00:33]} 49. Kg5 {[%emt 0:00:32]} Rg2+ {[%emt 0:00:13]} 50. Kf4 {[%emt 0:00:10]} a2 {[%emt 0:00:13]} 51. Kf3 {[%emt 0:00:47]} Rb2 {[%emt 0:00:38]} 52. Ra3 {[%emt 0:00:33]} Rb3+ {[%emt 0:00:16]} 53. Rxb3 {[%emt 0:00:18]} a1=Q {[%emt 0:00:08]} 54. Re3 {[%emt 0:00:07]} Qf1+ {[%emt 0:00:18]} 55. Kg3 {[%emt 0:00:09]} Qg1+ {[%emt 0:00:06]} 56. Kf3 {[%emt 0:00:07]} Kh6 {[%emt 0:00:15]} 57. Re2 {[%emt 0:00:12]} Qf1+ {[%emt 0:00:13]} 0-1

[Event "Winter Malopolska Cup Master 2022"]
[Site "Krakow"]
[Date "2022.01.17"]
[Round "5.6"]
[White "Klementys, Jerzy"]
[Black "Kania, Franciszek"]
[Result "0-1"]
[WhiteElo "1564"]
[BlackElo "1528"]
[Annotator "NA"]
[PlyCount "66"]
[EventDate "2022.01.15"]
[EventType "swiss"]
[EventCountry "POL"]
[TimeControl "5400+30"]

1. d4 {[%emt 0:00:01]} Nf6 {[%emt 0:00:05]} 2. c4 {[%emt 0:00:06]} g6 {[%emt 0:00:03]} 3. Nc3 {[%emt 0:00:05]} Bg7 {[%emt 0:00:06]} 4. e4 {[%emt 0:00:05]} d6 {[%emt 0:00:04]} 5. Nf3 {[%emt 0:00:07]} O-O {[%emt 0:00:06]} 6. Be2 {[%emt 0:00:14]} e5 {[%emt 0:00:29]} 7. O-O {[%emt 0:00:27]} Nc6 {[%emt 0:00:19]} 8. d5 {[%emt 0:00:04]} Ne7 {[%emt 0:00:11]} 9. Bg5 {[%emt 0:00:48]} h6 {[%emt 0:00:51]} 10. Be3 {[%emt 0:00:22]} Ng4 {[%emt 0:00:52]} 11. b4 {[%emt 0:00:56]} Nxe3 {[%emt 0:00:38]} 12. fxe3 {[%emt 0:00:03]} f5 {[%emt 0:05:54]} 13. exf5 {[%emt 0:05:20]} Nxf5 {[%emt 0:02:39]} 14. Qd2 {[%emt 0:02:15]} e4 {[%emt 0:06:38]} 15. Nd4 {[%emt 0:04:24]} Re8 {[%emt 0:11:42]} 16. Nxf5 {[%emt 0:04:25]} Bxf5 {[%emt 0:00:36]} 17. Rac1 {[%emt 0:01:16]} a6 {[%emt 0:05:06]} 18. c5 {[%emt 0:06:40]} Be5 {[%emt 0:02:15]} 19. Bd1 {[%emt 0:01:54]} Qh4 {[%emt 0:03:25]} 20. g3 {[%emt 0:05:06]} Qg5 {[%emt 0:00:34]} 21. Ne2 {[%emt 0:02:05]} Kg7 {[%emt 0:17:08]} 22. Nf4 {[%emt 0:03:09]} Re7 {[%emt 0:00:36]} 23. cxd6 {[%emt 0:07:42]} Bxd6 {[%emt 0:04:18]} 24. Bb3 {[%emt 0:05:08]} h5 {[%emt 0:06:33]} 25. Ne6+ {[%emt 0:08:17]} Bxe6 {[%emt 0:00:28]} 26. dxe6 {[%emt 0:00:06]} h4 {[%emt 0:02:22]} 27. Qd4+ {[%emt 0:03:52]} Be5 {[%emt 0:06:54]} 28. Qxe4 {[%emt 0:00:36]} hxg3 {[%emt 0:01:09]} 29. h3 {[%emt 0:02:57]} Bd6 {[%emt 0:04:08]} 30. Rf7+ {[%emt 0:04:54]} Rxf7 {[%emt 0:01:18]} 31. exf7 {[%emt 0:00:02]} Rh8 {[%emt 0:00:58]} 32. Rf1 {[%emt 0:07:04]} g2 {[%emt 0:04:06]} 33. Rf3 {[%emt 0:06:08]} Bh2+ {[%emt 0:00:15]} 0-1

[Event "Winter Malopolska Cup Master 2022"]
[Site "Krakow"]
[Date "2022.01.17"]
[Round "5.7"]
[White "Owoc, Jakub"]
[Black "Sadzikowski, Marian"]
[Result "0-1"]
[WhiteElo "1701"]
[BlackElo "1763"]
[Annotator "NA"]
[PlyCount "52"]
[EventDate "2022.01.15"]
[EventType "swiss"]
[EventCountry "POL"]
[TimeControl "5400+30"]

1. e4 {[%emt 0:00:03]} Nf6 {[%emt 0:01:35]} 2. e5 {[%emt 0:00:18]} Nd5 {[%emt 0:00:06]} 3. d4 {[%emt 0:00:09]} Nc6 {[%emt 0:00:13]} 4. c4 {[%emt 0:04:08]} Nb6 {[%emt 0:00:08]} 5. Nf3 {[%emt 0:00:41]} d6 {[%emt 0:00:22]} 6. exd6 {[%emt 0:01:43]} exd6 {[%emt 0:00:24]} 7. Bd3 {[%emt 0:00:34]} Bg4 {[%emt 0:00:38]} 8. Be3 {[%emt 0:01:41]} Be7 {[%emt 0:02:54]} 9. Nbd2 {[%emt 0:00:30]} Bf6 {[%emt 0:01:04]} 10. h3 {[%emt 0:04:45]} Bh5 {[%emt 0:00:31]} 11. g4 {[%emt 0:09:44]} Bg6 {[%emt 0:00:15]} 12. Bxg6 {[%emt 0:02:42]} hxg6 {[%emt 0:00:37]} 13. g5 {[%emt 0:01:00]} Be7 {[%emt 0:00:21]} 14. d5 {[%emt 0:00:07]} Ne5 {[%emt 0:00:47]} 15. Nxe5 {[%emt 0:00:10]} dxe5 {[%emt 0:00:05]} 16. Qg4 {[%emt 0:00:52]} Qd7 {[%emt 0:00:34]} 17. Qg3 {[%emt 0:00:41]} Qf5 {[%emt 0:01:25]} 18. Rc1 {[%emt 0:02:19]} O-O-O {[%emt 0:04:11]} 19. Nf3 {[%emt 0:02:44]} Qd3 {[%emt 0:06:41]} 20. Nxe5 {[%emt 0:00:39]} Bb4+ {[%emt 0:00:23]} 21. Rc3 {[%emt 0:00:51]} Bxc3+ {[%emt 0:00:26]} 22. bxc3 {[%emt 0:00:05]} Qb1+ {[%emt 0:00:34]} 23. Ke2 {[%emt 0:00:30]} Qxh1 {[%emt 0:00:24]} 24. Nxf7 {[%emt 0:00:48]} Rxh3 {[%emt 0:03:22]} 25. Qg4+ {[%emt 0:00:39]} Rd7 {[%emt 0:00:25]} 26. Qe6 {[%emt 0:00:06]} Qf3+ {[%emt 0:00:15]} 0-1

[Event "Winter Malopolska Cup Master 2022"]
[Site "Krakow"]
[Date "2022.01.18"]
[Round "6.1"]
[White "Mirski, Michal"]
[Black "Trybus, Daniel"]
[Result "1-0"]
[WhiteElo "2039"]
[BlackElo "2067"]
[Annotator "TA"]
[PlyCount "49"]
[EventDate "2022.01.15"]
[EventType "swiss"]
[EventCountry "POL"]
[SourceTitle "playchess.com"]
[Source "ChessBase"]
[SourceQuality "1"]

{[%evp 9,49,-2,18,10,18,0,0,0,14,25,24,31,25,12,12,8,17,11,25,0,0,-8,14,13,61,55,232,231,462,466,624,616,849,856,968,949,1098,1087,1090,1090,1254,1227]} 1. d4 Nf6 2. Bg5 Ne4 3. Bf4 c5 4. dxc5 e6 5. Nd2 Nxd2 6. Qxd2 {A45: Trompowsky Attack.} Bxc5 {[#]} 7. e3 $146 ({Predecessor:} 7. e4 Nc6 8. O-O-O Qa5 9. a3 Qxd2+ 10. Rxd2 e5 11. Bg3 d6 12. b4 Bb6 13. Rxd6 {½-½ (55) Drazic,S (2540)-Zvara,P (2419) Prague 2010}) 7... Nc6 8. Nf3 {Inhibits e5. The position is equal.} Qf6 9. c3 e5 10. Bg3 d6 11. Be2 a5 12. O-O O-O 13. Rfd1 Be6 14. Qc2 (14. Nd4 $5 {[%cal Rd4c6]}) 14... Qh6 15. e4 f6 16. Nd2 Ne7 (16... Rfd8 $11) 17. Nb3 $14 Ba7 $2 {Loses the game.} (17... Bxb3 $14 18. Qxb3+ Kh8) 18. Rxd6 $18 f5 $2 {[#]} (18... Bc8 19. Qd3 (19. Nxa5 Bc5 $18) 19... Nc6) 19. Bc4 $1 {[%mdl 512] White is clearly winning.} Rf6 (19... Bxc4 20. Rxh6) 20. Rxe6 Rxe6 21. exf5 {[%mdl 64] Pin} Kh8 22. Bxe6 a4 23. Nd2 Nc6 24. Nf3 Rd8 25. Qxa4 {Weighted Error Value: White=0.04 (flawless) /Black=0.57} 1-0

[Event "Winter Malopolska Cup Master 2022"]
[Site "Krakow"]
[Date "2022.01.18"]
[Round "6.2"]
[White "Nowak, Maciej"]
[Black "Golenia, Wojciech"]
[Result "0-1"]
[WhiteElo "2005"]
[BlackElo "2059"]
[Annotator "TA"]
[PlyCount "64"]
[EventDate "2022.01.15"]
[EventType "swiss"]
[EventCountry "POL"]
[SourceTitle "playchess.com"]
[Source "ChessBase"]
[SourceQuality "1"]

{[%evp 10,64,-15,-25,17,14,16,12,33,1,23,31,74,29,30,37,45,14,22,8,37,-57,-45,-67,-51,-53,-35,-32,-6,0,0,-63,-75,-97,-71,-86,-114,-67,-65,-107,-79,-66,-41,-174,-161,-491,-489,-723,-725,-1369,-1381,-1360,-1354,-29987,-29988,-29987,-29988]} 1. d4 {[%cal Bd2d4,Bd4d5][%mdl 32]} Nf6 2. c4 e6 3. Nc3 Bb4 4. f3 c5 5. d5 O-O 6. e4 Re8 {E20: Nimzo-Indian: 4 g3 and 4 f3.} (6... b5 {should be considered.}) 7. Nge2 $11 d6 8. Ng3 b5 {The position is equal.} 9. Be3 ({Much weaker is} 9. cxb5 exd5 10. Be2 d4 $15) 9... exd5 10. cxd5 c4 (10... a6 $14 {feels stronger.}) 11. Be2 (11. a4 $16) 11... Nbd7 12. O-O a6 {[#]} 13. Qc2 $146 (13. Qd2 {is more complex.} Rb8 14. Rfb1 Ne5 15. Ba7 Ra8 16. Bd4) ({Predecessor:} 13. Kh1 Bc5 14. Qd2 Bxe3 15. Qxe3 Nb6 16. Qd4 Bd7 17. f4 Qc7 18. Bf3 b4 19. Nd1 {1-0 (62) Praveen Kumar,C (2360)-Von Herman,U (2378) ICC INT 2009}) 13... Bc5 14. Bxc5 Nxc5 15. Rae1 ({White should play} 15. b4 $14 cxb3 16. axb3) 15... Bd7 16. b4 cxb3 $1 17. axb3 b4 18. Nd1 Qb6 {[%csl LRb3,LRe4]} 19. Kh1 a5 20. Bc4 (20. Nb2 $11) 20... a4 $36 {[%mdl 2048] Black is in control.} 21. Nb2 axb3 22. Bxb3 Nxb3 23. Qxb3 Ra3 24. Qc2 ({Wrong is} 24. Nc4 $2 Rxb3 25. Nxb6 Bb5 $19) (24. Qd1 $15 Rc8 25. Ne2) 24... Rc8 25. Qd2 ({Not} 25. Nc4 $2 Bb5 26. Nxb6 Rxc2 $19) 25... Ra2 {Black is more active.} 26. Ra1 {This move loses the game for White.} (26. Rc1 $15) 26... b3 {[%cal Bb4b3,Bb3a2][%mdl 32]} 27. Rxa2 (27. Rac1) 27... bxa2 $19 28. Ra1 {[#]} (28. Ne2 $142 Qb3 29. Rc1) 28... Qb3 $1 {Strongly threatening ...Rc2.} 29. Nd3 Qb1+ 30. Qe1 Rb8 {[%cal Ob1a1] ( -> ...Qxa1!)} 31. Nf1 {[#]} Qxa1 $3 {[%mdl 512]} 32. Qxa1 Rb1 {Weighted Error Value: White=0.87/Black=0.11 (very precise)} 0-1

[Event "Winter Malopolska Cup Master 2022"]
[Site "Krakow"]
[Date "2022.01.18"]
[Round "6.3"]
[White "Kyc, Jerzy"]
[Black "Saraev, Yaroslav"]
[Result "1-0"]
[WhiteElo "2250"]
[BlackElo "1922"]
[Annotator "TA"]
[PlyCount "71"]
[EventDate "2022.01.15"]
[EventType "swiss"]
[EventCountry "POL"]
[SourceTitle "playchess.com"]
[Source "ChessBase"]
[SourceQuality "1"]

{[%evp 15,71,20,34,28,95,95,64,70,97,73,83,0,0,8,62,66,40,81,43,39,72,31,68,68,137,60,152,144,147,156,204,188,304,284,562,564,952,431,420,400,1343,949,1926,1929,1700,1700,29980,29981,29981,29982,29982,29983,29983,29984,29983,29984,29998,29999]} 1. e4 c5 2. Nf3 d6 3. d4 cxd4 4. Nxd4 Nf6 5. Nc3 a6 6. Bg5 e6 7. f4 h6 8. Bh4 Qb6 9. Qd2 {B96: Sicilian Najdorf: 6 Bg5 e6 7 f4, lines other than 7...Qb6 and 7...Be7.} Nbd7 (9... Qxb2 $11 {remains equal.} 10. Rb1 Qa3) 10. O-O-O $16 Qc7 {To avoid Bc4} 11. Be2 {[#] Threatens to win with f5. White is slightly better.} b5 $146 {[#]} ({Predecessor:} 11... b6 12. Bf3 Bb7 13. Rhe1 g5 14. fxg5 hxg5 15. Bxg5 Bg7 16. Kb1 Ne5 17. h4 Nc4 {1-0 (24) Nataf,I (2541)-Gunnarsson,G (2221) Reykjavik 2010}) 12. Bf3 $1 {[%cal Oe4e5] And now e5! would win. White is more active.} Bb7 13. Bxf6 (13. Rhe1 $16) 13... Nxf6 $11 14. a3 g5 (14... Be7 $11) 15. e5 $14 ({Much worse is} 15. fxg5 $6 hxg5 16. h3 Nd7 $11) 15... dxe5 16. Bxb7 Qxb7 17. fxe5 Nd5 18. Ne4 ({White should try} 18. Rhf1 $16) 18... O-O-O 19. Qf2 Qc7 {White stays focused until the end.} ({Better is} 19... Kb8 $14) 20. Rhe1 ({White should play} 20. Rhf1 $16) 20... b4 (20... Kb8 $1 $14) 21. a4 $16 Kb8 22. Qf1 Kb7 (22... b3 $16) 23. Kb1 $18 Rd7 (23... Rc8 $142 24. Rd2 Nb6) 24. Nb3 Qb6 $2 (24... Kb8 25. Qxa6 Be7) 25. Nf6 {Pair of Knights!} Rc7 26. Nxd5 (26. Rxd5 $142 exd5 27. Nxd5) 26... exd5 27. Rxd5 {Rd8 is the strong threat.} Qe6 (27... Be7 $142 28. Qxf7 Rf8) 28. Red1 Be7 {[#] Inhibits Rd8.} 29. Rd6 $1 {[%mdl 512]} Bxd6 30. Rxd6 Qc8 31. Qxa6+ {White mates.} Kb8 32. Rb6+ Rb7 33. Na5 Rxb6 34. Qxb6+ Ka8 35. Nc6 {[%csl Gc6][%cal Rb6a7]} Qd7 36. Qa6+ {Weighted Error Value: White=0.35/Black=0.80} 1-0